| 000 | 00815nam a2200181Ia 4500 | ||
|---|---|---|---|
| 008 | 100921s9999 xx 000 0 und d | ||
| 082 |
_b43247 _a923.8 न 09 |
||
| 100 | _aसेवेकर सुधीर. | ||
| 245 | _aकॉर्पोरेट आयड्रल रतन टाटा. | ||
| 260 |
_bसाकेत प्रकाशन,औरंगाबाद. _c2009 |
||
| 300 |
_a152 _bकलाभारती वितरण,पुणे |
||
| 365 | _b150 | ||
| 520 | _aचरित्र-व्यापार,वहातूक. | ||
| 630 | _aकॉर्पोरेट आयड्रल रतन टाटा. | ||
| 650 | _aचरित्र-व्यापार,वहातूक. | ||
| 730 | _aकॉर्पोरेट आयड्रल रतन टाटा. | ||
| 942 | _cBOOK | ||
| 999 |
_c792360 _d792357 |
||